Rímska otázka

Bibliographic Details
Main Author: Rajecký (Author)
Format: Book
Language:Slovak
Published: V Trnave Spolok sv. Vojtecha 1930

MARC

LEADER 00000nam a22000005a 4500
001 vtls001523390
003 SK-MaSNL
005 20260302073933.0
008 240315s1930 xo r 000 0 slo
020 |q (brož.) 
040 |a SNK  |b slo  |c SNK  |e AACR2 
041 0 |a slo 
044 |a xo  |c SK 
100 0 |a Rajecký  |4 aut  |9 738968 
245 1 0 |a Rímska otázka 
260 |a V Trnave  |b Spolok sv. Vojtecha  |c 1930 
500 |a Vlastným menom Škrábik, Andrej 
999 |c 1162945  |d 1164875 
952 |a SNK  |b SNK  |y VYP  |7 0  |p 17A0465507  |o snkSD 2984 D1  |i snk2005/5908  |8 5  |0 0  |1 0  |4 0  |d 2005-04-12  |l 0  |r 2026-02-24 20:39:14  |w 2026-02-24